000 00606nam a22001937a 4500
005 20140805114538.0
010 _aB-506477-484
020 _a9789380828787
_c295.00
035 _aB-506477-484
037 _adpl
_bKBD/Ven
082 _aN
100 _aMehrotra, Meenu
245 _aSunlit Hearts /
_cby Meenu Mehrotra
260 _aNew Delhi
_bVitasta Publishing Pvt. Ltd.
_c2012
270 _a2/15, Ansari Road, Daryaganj
_bNew Delhi
_e110002
300 _a238p.:
_c21cm(pbk)
942 _2ddc
_cEN
_hN
_mMEH
999 _c87580
_d87580